000 00202nam a22000857a 4500
001 1244075
005 20251017153719.0
245 _aCERVANTES
_cDON KİŞOT
260 _bMİLLİ EĞİTİM BAKANLIĞI YAYINLARI
999 _c1244075
_d1244075